| 000 | 00000nam 2200000zi 4500 |
| 001 | 9.906521 |
| 003 | CaOODSP |
| 005 | 20221107181133 |
| 006 | m o d f |
| 007 | cr |n||||||||| |
| 008 | 211231t20222022onc ob f|0| 0 fre d |
| 020 | |a9780660415260 |
| 040 | |aCaOODSP|bfre|erda|cCaOODSP |
| 043 | |an-cn--- |
| 086 | 1 |aH129-121/2022F-PDF |
| 245 | 03|aLa santé des Canadiens et des Canadiennes dans un climat en changement : |bfaire progresser nos connaissances pour agir / |céditeurs : Peter Berry, Rebekka Schnitter. |
| 264 | 1|a[Ottawa] : |bSanté Canada = Health Canada, |c2022. |
| 264 | 4|c©2022 |
| 300 | |a1 ressource en ligne (872 pages) |
| 336 | |atexte|btxt|2rdacontent/fre |
| 337 | |ainformatique|bc|2rdamedia/fre |
| 338 | |aressource en ligne|bcr|2rdacarrier/fre |
| 500 | |aPublié aussi en anglais sous le titre : Health of Canadians in a changing climate: advancing our knowledge for action. |
| 504 | |aComprend des références bibliographiques. |
| 650 | 6|aClimat|xChangements|xAspect sanitaire|zCanada. |
| 650 | 6|aClimatologie médicale|zCanada. |
| 700 | 1 |aBerry, Peter,|d1969- |
| 710 | 1 |aCanada. |bDirection générale de la santé environnementale et de la sécurité des consommateurs, |eorganisme de publication. |
| 775 | 08|tHealth of Canadians in a changing climate : |w(CaOODSP)9.906520 |
| 856 | 40|qPDF|s19.53 Mo|uhttps://publications.gc.ca/collections/collection_2022/sc-hc/H129-121-2022-fra.pdf |
| 986 | |a210510 |